[Event "BL 0708 Solinger SG - SC Kreuzberg"]
[Site "?"]
[Date "2008.04.19"]
[Round "14.5"]
[White "Kalinitschew, Sergey"]
[Black "Hoffmann, Michael"]
[Result "1/2-1/2"]
[WhiteElo "2489"]
[BlackElo "2471"]
[PlyCount "56"]
[EventDate "2008.??.??"]

1. d4 d5 2. c4 c6 3. Nf3 e6 4. Nbd2 Nf6 5. e3 c5 6. cxd5 Nxd5 7. Bb5+ Bd7 8.
Bxd7+ Nxd7 9. O-O cxd4 10. Nxd4 Bc5 11. N2b3 O-O 12. e4 N5b6 13. Qe2 Bxd4 14.
Nxd4 Ne5 15. Rd1 Qh4 16. f3 a6 17. Be3 Nbc4 18. Bf2 Qf6 19. b3 Na5 20. Rd2 Rac8
21. Rad1 h5 22. Bg3 Ng6 23. Qe3 Rfd8 24. h3 h4 25. e5 Qe7 26. Bf4 Nxf4 27. Qxf4
Rd5 28. Kh1 Qc7 1/2-1/2

[Event "BL 0708 Solinger SG - SC Kreuzberg"]
[Site "?"]
[Date "2008.04.19"]
[Round "14.6"]
[White "Ragger, Markus"]
[Black "Paehtz, Elisabeth"]
[Result "1-0"]
[WhiteElo "2528"]
[BlackElo "2452"]
[PlyCount "71"]
[EventDate "2008.??.??"]

1. e4 e6 2. d4 d5 3. Nc3 Nf6 4. e5 Nfd7 5. f4 c5 6. Nf3 Nc6 7. Be3 Be7 8. dxc5
Bxc5 9. Qd2 O-O 10. O-O-O Qa5 11. Bxc5 Nxc5 12. h4 Rd8 13. Nd4 Bd7 14. Rh3 Rac8
15. Rg3 Nxd4 16. Qxd4 Qc7 17. Rd2 Be8 18. Bd3 Nxd3+ 19. Rgxd3 Qa5 20. Ne2 a6
21. Ra3 Qc7 22. Qf2 f5 23. exf6 Bg6 24. Nd4 Qf7 25. fxg7 Be4 26. Qg3 Rd7 27.
Qg5 Rdc7 28. Rg3 Rc4 29. Qe5 Rxd4 30. Rxd4 Rxc2+ 31. Kd1 Rc8 32. Ke2 Bf5 33.
Kf2 Qh5 34. Qf6 h6 35. Rd2 Kh7 36. Qf8 1-0

[Event "BL 0708 Solinger SG - SC Kreuzberg"]
[Site "?"]
[Date "2008.04.19"]
[Round "14.7"]
[White "Loeffler, Stefan"]
[Black "Smeets, Jan"]
[Result "0-1"]
[WhiteElo "2409"]
[BlackElo "2558"]
[PlyCount "66"]
[EventDate "2008.??.??"]

1. d4 d5 2. c4 c6 3. Nf3 Nf6 4. Qc2 dxc4 5. Qxc4 Bf5 6. g3 Nbd7 7. Bg2 e6 8.
O-O Be7 9. Nc3 O-O 10. Re1 Ne4 11. Nh4 Nb6 12. Qb3 Bxh4 13. Nxe4 Bxe4 14. Bxe4
Qxd4 15. Qc2 f5 16. Bg2 Bf6 17. a4 Qb4 18. Bd2 Qxb2 19. Qxb2 Bxb2 20. Ra2 Nc4
21. Rb1 Bf6 22. Rxb7 Rfd8 23. Bb4 Rd1+ 24. Bf1 Rb1 25. Rc2 Na5 26. Bxa5 Rxb7
27. e3 Rb1 28. Rxc6 Ra1 29. Rc4 Rb8 30. Kg2 Ra2 31. g4 Bh4 32. Be1 Bxf2 33.
Bxf2 Rbb2 0-1

[Event "BL 0708 Solinger SG - SC Kreuzberg"]
[Site "?"]
[Date "2008.04.19"]
[Round "14.8"]
[White "Ernst, Sipke"]
[Black "Schilow, Vladimir"]
[Result "1-0"]
[WhiteElo "2539"]
[BlackElo "2400"]
[PlyCount "75"]
[EventDate "2008.??.??"]

1. Nf3 Nf6 2. c4 e6 3. Nc3 d5 4. d4 Nbd7 5. Bg5 Be7 6. e3 O-O 7. Qc2 c5 8. Rd1
cxd4 9. exd4 dxc4 10. Bxc4 a6 11. Bd3 h6 12. Bf4 b5 13. Qd2 b4 14. Ne2 Bb7 15.
Ng3 Re8 16. O-O Qa5 17. Ne5 Bf8 18. Bb1 Nxe5 19. Bxe5 Nd7 20. Bf4 Rac8 21. Rfe1
Bd5 22. b3 Qb5 23. Nf1 Bb7 24. Bd3 Qb6 25. Ne3 Qd8 26. Qe2 a5 27. Bb5 Bc6 28.
Bxc6 Rxc6 29. d5 exd5 30. Rxd5 Rc5 31. Rd2 Qc8 32. Qd1 Nf6 33. Nc4 Rxe1+ 34.
Qxe1 Nd5 35. Be5 Rb5 36. h3 Qe6 37. Re2 Qg6 38. Bg3 1-0

[Event "BL 0708 SV Wattenscheid - SK Zehlendorf"]
[Site "?"]
[Date "2008.04.19"]
[Round "14.1"]
[White "Maksimenko, Andrei"]
[Black "Najer, Evgeniy"]
[Result "1/2-1/2"]
[WhiteElo "2505"]
[BlackElo "2635"]
[PlyCount "52"]
[EventDate "2008.??.??"]

1. e4 e5 2. Nf3 Nc6 3. Bb5 a6 4. Ba4 d6 5. c3 Nf6 6. d4 Bd7 7. O-O Be7 8. dxe5
Nxe5 9. Bxd7+ Qxd7 10. Re1 O-O-O 11. Nxe5 dxe5 12. Qf3 Qe6 13. Nd2 Rd7 14. Qf5
Qxf5 15. exf5 Bc5 16. h3 Rhd8 17. Nb3 Be7 18. Kf1 Rd1 19. Bg5 Rxa1 20. Nxa1 Nd5
21. Bxe7 Nxe7 22. Rxe5 Nc6 23. Re2 Rd1+ 24. Re1 Rd2 25. Re2 Rd1+ 26. Re1 Rd2
1/2-1/2

[Event "BL 0708 SV Wattenscheid - SK Zehlendorf"]
[Site "?"]
[Date "2008.04.19"]
[Round "14.2"]
[White "Rustemov, Alexander"]
[Black "Prohaszka, Peter"]
[Result "1-0"]
[WhiteElo "2552"]
[BlackElo "2470"]
[PlyCount "81"]
[EventDate "2008.??.??"]

1. d4 d5 2. c4 c6 3. Nc3 Nf6 4. e3 e6 5. Nf3 Nbd7 6. Qc2 Bd6 7. Bd2 O-O 8.
O-O-O b5 9. e4 b4 10. e5 bxc3 11. Bxc3 Be7 12. exf6 Bxf6 13. Bd3 h6 14. c5 Qc7
15. Qe2 Re8 16. Rhe1 Qf4+ 17. Kc2 a5 18. g3 Qb8 19. g4 e5 20. Nxe5 Bxe5 21. f4
Nf6 22. dxe5 d4 23. Bxd4 Nd5 24. f5 Rd8 25. Bc4 Ba6 26. Kb1 Bxc4 27. Qxc4 Qb4
28. Qxb4 axb4 29. e6 Ra7 30. Kc2 Rxa2 31. exf7+ Kxf7 32. Re6 Ra6 33. Kb3 Nf6
34. h3 Rd5 35. Rd6 Rxd6 36. cxd6 Nd5 37. d7 Ke7 38. Bxg7 Kxd7 39. Bxh6 Kd6 40.
Re1 Kc5 41. g5 1-0

[Event "BL 0708 SV Wattenscheid - SK Zehlendorf"]
[Site "?"]
[Date "2008.04.19"]
[Round "14.3"]
[White "Meister, Jakov"]
[Black "Appel, Ralf"]
[Result "0-1"]
[WhiteElo "2491"]
[BlackElo "2529"]
[PlyCount "98"]
[EventDate "2008.??.??"]

1. d4 Nf6 2. Bf4 e6 3. e3 b6 4. Be2 Bb7 5. Bf3 Qc8 6. c4 Bb4+ 7. Kf1 Be7 8. Nc3
O-O 9. h4 d6 10. h5 h6 11. e4 Nc6 12. Be3 Nh7 13. Be2 Qd8 14. Nf3 Nb8 15. Rh3
Nd7 16. Qc2 c5 17. Rd1 cxd4 18. Bxd4 Qc7 19. Qd2 Nhf6 20. Bd3 Ne5 21. b3 a6 22.
Bb1 Rac8 23. Qf4 Nxf3 24. Qxf3 Nd7 25. Rg3 Bg5 26. Qe2 Ne5 27. Kg1 Bf4 28. Rh3
Nc6 29. Be3 Bxe3 30. Rxe3 Ne5 31. f4 Nd7 32. Kh1 Rfd8 33. Rg3 Nf6 34. Rf1 Qc5
35. e5 dxe5 36. fxe5 Rd4 37. Kh2 Rh4+ 38. Rh3 Ng4+ 39. Kg3 Rxh3+ 40. Kxh3 Qxe5
41. Kxg4 Qxc3 42. Rd1 b5 43. cxb5 axb5 44. Qxb5 f5+ 45. Kh4 Bxg2 46. Qd3 Qf6+
47. Kg3 Be4 48. Qd6 Bxb1 49. Rxb1 Qg5+ 0-1

[Event "BL 0708 SV Wattenscheid - SK Zehlendorf"]
[Site "?"]
[Date "2008.04.19"]
[Round "14.5"]
[White "Werner, Dimo"]
[Black "Handke, Florian"]
[Result "0-1"]
[WhiteElo "2346"]
[BlackElo "2497"]
[PlyCount "74"]
[EventDate "2008.??.??"]

1. d4 d5 2. Nf3 c6 3. c4 Nf6 4. Nc3 dxc4 5. a4 Bf5 6. e3 e6 7. Bxc4 Bb4 8. O-O
O-O 9. Qb3 Qb6 10. Nh4 Nbd7 11. Nxf5 exf5 12. Bd2 c5 13. Rfd1 Rac8 14. Bb5 a5
15. Nd5 Qe6 16. Bxb4 cxb4 17. Nxf6+ Nxf6 18. Qxe6 fxe6 19. Rac1 Kf7 20. Kf1 Ke7
21. Ke2 g5 22. Rh1 h6 23. h3 Nd5 24. g4 f4 25. Bd3 Nb6 26. Bb5 Nd5 27. Bd3 Kd6
28. Rxc8 Rxc8 29. e4 Nb6 30. h4 Nxa4 31. hxg5 hxg5 32. b3 Nb2 33. Bb1 Rc3 34.
Rh6 Rc1 35. Bd3 Rd1 36. Bc4 Rxd4 37. Bxe6 Rxe4+ 0-1

[Event "BL 0708 SV Wattenscheid - SK Zehlendorf"]
[Site "?"]
[Date "2008.04.19"]
[Round "14.6"]
[White "Dinstuhl, Volkmar Dr"]
[Black "Orzech, Dominik"]
[Result "1/2-1/2"]
[WhiteElo "2435"]
[BlackElo "2483"]
[PlyCount "41"]
[EventDate "2008.??.??"]

1. c4 Nf6 2. Nc3 g6 3. e4 d6 4. d4 Bg7 5. Be2 O-O 6. Nf3 e5 7. Be3 Ng4 8. Bg5
f6 9. Bh4 Nc6 10. d5 Ne7 11. Nd2 Nh6 12. f3 c5 13. Bf2 Nf7 14. a3 Bd7 15. b4 b6
16. bxc5 bxc5 17. Qc2 Rb8 18. O-O a6 19. Rfb1 Qc7 20. Rxb8 Rxb8 21. Rb1 1/2-1/2

[Event "BL 0708 SV Wattenscheid - SK Zehlendorf"]
[Site "?"]
[Date "2008.04.19"]
[Round "14.7"]
[White "Heinig, Wolfram Dr"]
[Black "Straeter, Timo"]
[Result "1/2-1/2"]
[WhiteElo "2338"]
[BlackElo "2325"]
[PlyCount "131"]
[EventDate "2008.??.??"]

1. d4 d5 2. c4 e5 3. dxe5 d4 4. Nf3 Nc6 5. g3 Nge7 6. Bg2 Ng6 7. Bg5 Qd7 8. e6
fxe6 9. h4 Bb4+ 10. Nbd2 h6 11. Qc2 d3 12. exd3 hxg5 13. d4 Bxd2+ 14. Qxd2 g4
15. Ng5 Nxd4 16. O-O-O c5 17. Be4 Rh6 18. Kb1 Qc7 19. Rhe1 Bd7 20. h5 Nh8 21.
f3 gxf3 22. Nxf3 Nxf3 23. Bxf3 O-O-O 24. Qg5 Rf6 25. Be4 Rf7 26. Rd2 Bc6 27.
Bxc6 Rxd2 28. Bxb7+ Qxb7 29. Qxd2 Qc6 30. Qg5 Rd7 31. a3 Qd6 32. Ka1 Qe7 33.
Qe5 Qd6 34. Qg5 Kb7 35. Qg4 Kc7 36. Qg5 Re7 37. Re3 e5 38. Rd3 Qe6 39. Rd5 Nf7
40. Qxg7 Nd6 41. Qf8 Nb7 42. g4 e4 43. Qf4+ Kc6 44. h6 e3 45. h7 Rxh7 46. Re5
Qg6 47. Qf3+ Kc7 48. Rxe3 Rf7 49. Qg3+ Qd6 50. Qe1 Rd7 51. Ka2 Qd4 52. Qe2 Nd6
53. b3 a5 54. Rd3 Qf4 55. Qe1 a4 56. Qa5+ Kb7 57. Qxc5 Qh2+ 58. Kb1 Qh1+ 59.
Kb2 Qg2+ 60. Kc1 Qf1+ 61. Rd1 Qxd1+ 62. Kxd1 Ne4+ 63. Qd5+ Rxd5+ 64. cxd5 axb3
65. Kc1 Nf6 66. g5 1/2-1/2

[Event "BL 0708 SV Wattenscheid - SK Zehlendorf"]
[Site "?"]
[Date "2008.04.19"]
[Round "14.8"]
[White "Thiel, Thomas"]
[Black "Klimm, Wolf-Dietrich"]
[Result "1-0"]
[WhiteElo "2283"]
[BlackElo "2286"]
[PlyCount "55"]
[EventDate "2008.??.??"]

1. e4 c6 2. d4 d5 3. exd5 cxd5 4. c4 Nf6 5. Nc3 g6 6. Qb3 Bg7 7. cxd5 O-O 8.
Be2 Na6 9. Bf4 Qb6 10. Qxb6 axb6 11. Rc1 Nb4 12. d6 Bf5 13. dxe7 Rfe8 14. Bd6
Nc2+ 15. Rxc2 Bxc2 16. Bb5 Rec8 17. Nge2 Bf5 18. O-O Be6 19. b3 Ne8 20. Bb4 Nc7
21. Ba4 b5 22. Nxb5 Bd7 23. Nxc7 Rxc7 24. Ba5 Rxa5 25. Bxd7 Ra8 26. e8=Q+ Rxe8
27. Bxe8 Rc2 28. Bb5 1-0

[Event "BL 0708 SV Mülheim Nord - Hamburger SK"]
[Site "?"]
[Date "2008.04.19"]
[Round "14.1"]
[White "Gustafsson, Jan"]
[Black "Jakovenko, Dmitry"]
[Result "1/2-1/2"]
[WhiteElo "2606"]
[BlackElo "2710"]
[PlyCount "75"]
[EventDate "2008.??.??"]

1. d4 d5 2. c4 c6 3. Nf3 Nf6 4. Nc3 e6 5. Bg5 h6 6. Bxf6 Qxf6 7. e3 g6 8. Bd3
Bg7 9. O-O O-O 10. e4 dxe4 11. Nxe4 Qd8 12. Qd2 e5 13. dxe5 Bg4 14. Qf4 Bxf3
15. Qxf3 Nd7 16. Qe3 Nxe5 17. Be2 f5 18. Rfd1 Qe7 19. Nd6 f4 20. Qe4 f3 21.
Bxf3 Nxf3+ 22. gxf3 Qg5+ 23. Qg4 b6 24. Qxg5 hxg5 25. Kg2 Bxb2 26. Rab1 Be5 27.
Ne4 Bf4 28. Rd7 Rf7 29. Rbd1 Raf8 30. R7d3 Re7 31. h3 Rf5 32. Rd8+ Rf8 33. R8d3
Kg7 34. Ra3 Rff7 35. Rad3 Rf5 36. Ra3 Rff7 37. Rad3 Rf5 38. Ra3 1/2-1/2

[Event "BL 0708 SV Mülheim Nord - Hamburger SK"]
[Site "?"]
[Date "2008.04.19"]
[Round "14.2"]
[White "Landa, Konstantin"]
[Black "Ftacnik, Lubomir Dr"]
[Result "1-0"]
[WhiteElo "2678"]
[BlackElo "2553"]
[PlyCount "93"]
[EventDate "2008.??.??"]

1. Nf3 Nf6 2. c4 c5 3. Nc3 e6 4. d4 cxd4 5. Nxd4 Bb4 6. g3 Ne4 7. Qd3 Qa5 8.
Nb3 Nxc3 9. Bd2 Ne4 10. Qxe4 Bxd2+ 11. Nxd2 O-O 12. Bg2 Nc6 13. Qd3 Qe5 14. Rb1
d5 15. O-O Rd8 16. Rfd1 Qf6 17. b4 dxc4 18. Qxc4 Rd4 19. Qc5 Qd8 20. e3 Rd6 21.
b5 Na5 22. Bf3 b6 23. Qxd6 Qxd6 24. Nb3 Qxd1+ 25. Rxd1 Bb7 26. Bxb7 Nxb7 27.
Rd7 Nd8 28. Nd2 f6 29. Nc4 Nf7 30. h4 h5 31. Rc7 e5 32. Kf1 e4 33. Ke2 f5 34.
Kd2 a6 35. Nxb6 Rd8+ 36. Kc2 axb5 37. Rc8 Kf8 38. Kc3 Ke8 39. Rxd8+ Kxd8 40.
Kd4 Kc7 41. Kc5 Ne5 42. Nd5+ Kb7 43. Nf4 Nd3+ 44. Kxb5 Nxf2 45. Nxh5 Nh1 46.
Nxg7 Nxg3 47. Kc4 1-0

[Event "BL 0708 SV Mülheim Nord - Hamburger SK"]
[Site "?"]
[Date "2008.04.19"]
[Round "14.3"]
[White "Hansen, Sune Berg"]
[Black "Fridman, Daniel"]
[Result "0-1"]
[WhiteElo "2564"]
[BlackElo "2621"]
[PlyCount "110"]
[EventDate "2008.??.??"]

1. e4 c6 2. d4 d5 3. exd5 cxd5 4. Nf3 Nf6 5. Ne5 g6 6. Bb5+ Nbd7 7. O-O Bg7 8.
Nd2 Qb6 9. Bxd7+ Nxd7 10. Nef3 O-O 11. Nb3 a5 12. a4 Nb8 13. c3 Bg4 14. Ra3 Nd7
15. h3 Bxf3 16. Qxf3 Qc6 17. Qe2 e6 18. Bf4 Rfc8 19. Rfa1 Bf8 20. R3a2 Qc4 21.
Qxc4 Rxc4 22. Nc1 f6 23. Nd3 Kf7 24. h4 Re8 25. g3 e5 26. Be3 Rc6 27. Rd1 e4
28. Nf4 Nb6 29. Ne2 h6 30. b3 g5 31. hxg5 hxg5 32. Kg2 Nc8 33. Rc2 Nd6 34. Rdc1
Rec8 35. Bd2 Be7 36. f3 exf3+ 37. Kxf3 Rb6 38. Rb1 Nc4 39. Ra2 Rh8 40. Kg2 Nd6
41. Be3 Ne4 42. Rab2 Re6 43. Bg1 Rc8 44. Rc2 Rec6 45. c4 dxc4 46. d5 cxb3 47.
dxc6 bxc2 48. cxb7 cxb1=Q 49. bxc8=Q Nd2 50. Qg4 Qb7+ 51. Kf2 Bc5+ 52. Ke1 Nf3+
53. Kf1 Qb1+ 54. Kg2 Ne1+ 55. Kf1 Nc2+ 0-1

[Event "BL 0708 SV Mülheim Nord - Hamburger SK"]
[Site "?"]
[Date "2008.04.19"]
[Round "14.4"]
[White "Tregubov, Pavel V"]
[Black "Mueller, Karsten Dr"]
[Result "1-0"]
[WhiteElo "2609"]
[BlackElo "2515"]
[PlyCount "127"]
[EventDate "2008.??.??"]

1. d4 Nf6 2. Nf3 c5 3. d5 e6 4. c4 exd5 5. cxd5 d6 6. Nc3 g6 7. Nd2 Nbd7 8. e4
Bg7 9. Be2 O-O 10. O-O Re8 11. Kh1 Ne5 12. Qe1 g5 13. Nc4 Nfg4 14. Bxg4 Bxg4
15. Nxe5 Bxe5 16. f4 gxf4 17. Bxf4 Bh5 18. Qg3+ Bg6 19. Rae1 a6 20. Nd1 Bf6 21.
Nf2 h5 22. e5 dxe5 23. Bxe5 Bxe5 24. Rxe5 Qf6 25. Rfe1 Rxe5 26. Rxe5 Rd8 27. h3
Kf8 28. Qe3 b6 29. Qh6+ Kg8 30. Rxh5 Re8 31. Ng4 Re1+ 32. Kh2 Qd6+ 33. Ne5 Qf6
34. Ng4 Qd6+ 35. Ne5 Qf6 36. Nxg6 fxg6 37. Qh7+ Kf8 38. Qh8+ Qxh8 39. Rxh8+ Kf7
40. Rh7+ Kf6 41. Rb7 b5 42. Rb6+ Kf7 43. Rxa6 Re2 44. b3 b4 45. Kg3 Rd2 46. d6
Ke6 47. h4 Kf5 48. Rc6 Rd3+ 49. Kh2 Ke6 50. Rxc5 Rxd6 51. Rc4 Rd2 52. Rxb4 Rxa2
53. Kh3 Rd2 54. g3 Rd3 55. Kg4 Kf6 56. Rf4+ Kg7 57. b4 Rb3 58. Rc4 Kh6 59. Kf4
Rb1 60. Ke5 Kh5 61. Kd6 Rb3 62. Rc5+ Kh6 63. b5 Rxg3 64. b6 1-0

[Event "BL 0708 SV Mülheim Nord - Hamburger SK"]
[Site "?"]
[Date "2008.04.19"]
[Round "14.5"]
[White "Heinemann, Thies"]
[Black "Golod, Vitali"]
[Result "1/2-1/2"]
[WhiteElo "2478"]
[BlackElo "2586"]
[PlyCount "133"]
[EventDate "2008.??.??"]

1. e4 e5 2. Nf3 Nc6 3. Bb5 a6 4. Bxc6 dxc6 5. O-O Bg4 6. h3 h5 7. d3 Qf6 8. Be3
Bxf3 9. Qxf3 Qxf3 10. gxf3 Bd6 11. Nd2 Ne7 12. Nc4 Ng6 13. Rfd1 O-O-O 14. Kf1
f6 15. Ke2 Nf8 16. f4 exf4 17. Nxd6+ cxd6 18. Bxf4 d5 19. exd5 Rxd5 20. d4 Ne6
21. Be3 Re8 22. c4 Rf5 23. Kf1 Nf4 24. Bxf4 Rxf4 25. Rd3 h4 26. b3 Kd7 27. Re1
Rxe1+ 28. Kxe1 Re4+ 29. Kd2 f5 30. f3 Re6 31. d5 Rg6 32. dxc6+ Kxc6 33. Rd5
Rg2+ 34. Kd3 g6 35. Rd4 Rxa2 36. Rxh4 Rf2 37. Ke3 Rb2 38. Kd4 Rxb3 39. Rh6 Rxf3
40. Rxg6+ Kc7 41. Kc5 Rxh3 42. Rg7+ Kb8 43. Rf7 Rf3 44. Kb6 Rb3+ 45. Kc5 a5 46.
Rxf5 a4 47. Kd4 a3 48. Ra5 b6 49. Ra4 Kb7 50. Kd5 Rh3 51. Kd4 Rg3 52. Kd5 Rb3
53. Kd4 Rf3 54. Ke4 Rg3 55. Kd5 b5 56. cxb5 Kb6 57. Ra8 Kxb5 58. Rb8+ Ka6 59.
Kc4 Rh3 60. Rb1 Ka5 61. Rb5+ Ka6 62. Rb1 a2 63. Ra1 Ra3 64. Kb4 Ra5 65. Kb3 Kb5
66. Rxa2 Rxa2 67. Kxa2 1/2-1/2

[Event "BL 0708 SV Mülheim Nord - Hamburger SK"]
[Site "?"]
[Date "2008.04.19"]
[Round "14.6"]
[White "Levin, Felix"]
[Black "Beikert, Guenther Dr"]
[Result "1/2-1/2"]
[WhiteElo "2552"]
[BlackElo "2449"]
[PlyCount "96"]
[EventDate "2008.??.??"]

1. d4 d5 2. c4 e6 3. Nf3 c6 4. Nbd2 Nf6 5. e3 c5 6. cxd5 exd5 7. Bb5+ Bd7 8.
Bxd7+ Nbxd7 9. dxc5 Bxc5 10. O-O O-O 11. b3 Qa5 12. a3 Qa6 13. Bb2 Rfd8 14. Qb1
Rac8 15. Rd1 Bf8 16. Nd4 Nc5 17. Nf1 Nce4 18. Rc1 g6 19. f3 Nc5 20. Rc3 Ne6 21.
Rxc8 Rxc8 22. Nxe6 Qxe6 23. Qd3 Bg7 24. Rd1 a6 25. a4 h5 26. h3 Qb6 27. g4 hxg4
28. hxg4 Rd8 29. Bd4 Qc7 30. Qc3 Qxc3 31. Bxc3 Ne8 32. Bxg7 Nxg7 33. Ng3 Ne6
34. Ne2 Kf8 35. Kf2 Ke7 36. Rc1 Kd6 37. b4 Rd7 38. f4 Rc7 39. Rxc7 Nxc7 40. Ke1
a5 41. bxa5 Kc5 42. Kd2 Kb4 43. Nc3 Kxa5 44. Kd3 Kb4 45. e4 dxe4+ 46. Nxe4 b6
47. Nd6 f6 48. Nc8 Nd5 1/2-1/2

[Event "BL 0708 SV Mülheim Nord - Hamburger SK"]
[Site "?"]
[Date "2008.04.19"]
[Round "14.7"]
[White "Reeh, Oliver"]
[Black "Hausrath, Daniel"]
[Result "1-0"]
[WhiteElo "2427"]
[BlackElo "2499"]
[PlyCount "101"]
[EventDate "2008.??.??"]

1. e4 c5 2. Nf3 Nc6 3. Bb5 Nf6 4. Bxc6 dxc6 5. Qe2 g6 6. O-O Bg7 7. c3 O-O 8.
d4 cxd4 9. cxd4 Bg4 10. Rd1 Qb6 11. Nc3 Rad8 12. Be3 Bxf3 13. gxf3 Qa5 14. f4
e6 15. f3 Rd7 16. Rd2 Nh5 17. Qf2 f5 18. e5 Bh6 19. Ne2 Rfd8 20. Rc2 Kh8 21. a3
Rg8 22. Kh1 Qd8 23. Rg1 Bf8 24. Ng3 Ng7 25. Ne2 Ne8 26. d5 Rxd5 27. Bxa7 Be7
28. Bb6 Bh4 29. Qe3 Qd7 30. Nd4 Ng7 31. b4 Bd8 32. Bc5 Bc7 33. Rgc1 Rd8 34. b5
cxb5 35. Be7 Qxe7 36. Rxc7 R5d7 37. Nxb5 Nh5 38. Rxd7 Rxd7 39. Nd6 Qh4 40. Qc5
Kg7 41. Qc8 Re7 42. Qd8 Ng3+ 43. Kg2 Ne2 44. Rc4 Kh6 45. Qf8+ Kh5 46. Qf6 Nxf4+
47. Rxf4 Qxf4 48. Qxe7 h6 49. Ne8 g5 50. Nf6+ Kh4 51. Qb4 1-0

[Event "BL 0708 SV Mülheim Nord - Hamburger SK"]
[Site "?"]
[Date "2008.04.19"]
[Round "14.8"]
[White "Schebler, Gerhard"]
[Black "Sebastian, Dirk"]
[Result "1/2-1/2"]
[WhiteElo "2458"]
[BlackElo "2445"]
[PlyCount "77"]
[EventDate "2008.??.??"]

1. g3 g6 2. Bg2 Bg7 3. Nf3 d6 4. d4 Nd7 5. O-O e5 6. c4 Ne7 7. Nc3 O-O 8. dxe5
dxe5 9. Qc2 Nf5 10. e3 Nd6 11. Rd1 Nxc4 12. Nb5 a6 13. Qxc4 axb5 14. Qxb5 e4
15. Nd2 Nf6 16. h3 h5 17. Qe2 Qe7 18. Nb3 Nh7 19. Qc2 Ng5 20. h4 Nf3+ 21. Bxf3
exf3 22. Nd2 Bg4 23. e4 Rfd8 24. Re1 Ra6 25. Nf1 Rc6 26. Qb3 Rb6 27. Qc2 Bd4
28. Rb1 Bh3 29. Nh2 Bg2 30. Be3 Rbd6 31. e5 Rc6 32. Qe4 Qxe5 33. Bxd4 Qxd4 34.
Qxd4 Rxd4 35. Re3 Rc2 36. Nxf3 Bxf3 37. Rxf3 Rdd2 38. Re1 Rd7 39. Rb3 1/2-1/2

[Event "BL 0708 SF Katernberg - Werder Bremen"]
[Site "?"]
[Date "2008.04.19"]
[Round "14.1"]
[White "Efimenko, Zahar"]
[Black "Glek, Igor V"]
[Result "1-0"]
[WhiteElo "2624"]
[BlackElo "2543"]
[PlyCount "89"]
[EventDate "2008.??.??"]

1. e4 d5 2. exd5 Qxd5 3. Nc3 Qd8 4. d4 Nf6 5. Bg5 c6 6. Qd2 Bf5 7. Nf3 Nbd7 8.
O-O-O e6 9. Bd3 Bxd3 10. Qxd3 Be7 11. Rhe1 O-O 12. Ne5 Nd5 13. Bxe7 Qxe7 14.
Ne4 Rad8 15. Qg3 h6 16. f4 N5f6 17. Nf2 c5 18. Qf3 Nb6 19. Qa3 Nbd5 20. Qxc5
Qxc5 21. dxc5 Nxf4 22. g3 N4d5 23. c4 Ne7 24. b4 Rc8 25. Nd7 Rfd8 26. Nxf6+
gxf6 27. Ne4 f5 28. Nd6 Rb8 29. Kc2 Kg7 30. b5 h5 31. Re3 Rh8 32. Ra3 a6 33.
Rb1 h4 34. bxa6 bxa6 35. Rxb8 Rxb8 36. Rxa6 hxg3 37. hxg3 Rd8 38. a4 Kf6 39. a5
Ng6 40. c6 Ne7 41. c7 Rg8 42. Rb6 Ke5 43. Nxf7+ Kd4 44. Rxe6 Nc8 45. Rd6+ 1-0

[Event "BL 0708 SF Katernberg - Werder Bremen"]
[Site "?"]
[Date "2008.04.19"]
[Round "14.2"]
[White "Chuchelov, Vladimir"]
[Black "Areshchenko, Alexander"]
[Result "1-0"]
[WhiteElo "2544"]
[BlackElo "2638"]
[PlyCount "61"]
[EventDate "2008.??.??"]

1. Nf3 Nf6 2. c4 g6 3. Nc3 Bg7 4. e4 d6 5. d4 O-O 6. Be2 Na6 7. O-O e5 8. Be3
Ng4 9. Bg5 Qe8 10. Re1 h6 11. Bh4 Nf6 12. Bxf6 Bxf6 13. c5 dxc5 14. Nd5 Bd8 15.
dxe5 Bg4 16. Bxa6 bxa6 17. Nf6+ Bxf6 18. exf6 Qe6 19. e5 Kh7 20. Re4 Rab8 21.
b3 Rb4 22. Rxb4 cxb4 23. Qd4 Bxf3 24. gxf3 Qf5 25. Re1 Qxf3 26. e6 c5 27. e7
Re8 28. Qd7 c4 29. bxc4 Qc3 30. Re3 Qxc4 31. h3 1-0

[Event "BL 0708 SF Katernberg - Werder Bremen"]
[Site "?"]
[Date "2008.04.19"]
[Round "14.3"]
[White "Fressinet, Laurent"]
[Black "Seel, Christian"]
[Result "1-0"]
[WhiteElo "2654"]
[BlackElo "2495"]
[PlyCount "103"]
[EventDate "2008.??.??"]

1. e4 e5 2. Bc4 Nf6 3. d3 Nc6 4. Nf3 Bc5 5. c3 a6 6. Bb3 d6 7. h3 Ba7 8. Nbd2
O-O 9. Nf1 d5 10. Qe2 Be6 11. Ng3 Qe7 12. Bg5 dxe4 13. Nxe4 Bxb3 14. axb3 Qe6
15. Bxf6 gxf6 16. g4 Ne7 17. Qd2 f5 18. Qg5+ Qg6 19. gxf5 Qxg5 20. Nfxg5 Kh8
21. Nf6 h6 22. Nf3 Nxf5 23. Rg1 Rad8 24. Ra5 c5 25. Ke2 Bb6 26. Ra4 Rd6 27. Ne4
Re6 28. Rc4 Rd8 29. Nfd2 Nd6 30. Nxd6 Rexd6 31. Rh4 f5 32. Nc4 Re6 33. Rg5 e4
34. dxe4 fxe4 35. Re5 Rxe5 36. Nxe5 Kh7 37. Nf7 Rf8 38. Rxh6+ Kg7 39. Rxb6 Rxf7
40. Re6 Rf4 41. Re7+ Kf6 42. Rxb7 Rh4 43. Rc7 Rxh3 44. Rxc5 Rh1 45. Rc6+ Ke5
46. Rxa6 Rb1 47. b4 Kf4 48. Rf6+ Ke5 49. Rf8 Rxb2+ 50. Ke3 Rc2 51. Rc8 Rc1 52.
Rc5+ 1-0

[Event "BL 0708 SF Katernberg - Werder Bremen"]
[Site "?"]
[Date "2008.04.19"]
[Round "14.4"]
[White "Siebrecht, Sebastian"]
[Black "Meier, Georg"]
[Result "1-0"]
[WhiteElo "2481"]
[BlackElo "2558"]
[PlyCount "72"]
[EventDate "2008.??.??"]

1. d4 e6 2. Nf3 Nf6 3. e3 b6 4. Bd3 Bb7 5. O-O d5 6. Ne5 Bd6 7. Nd2 c5 8. c3
Nc6 9. f4 O-O 10. Rf3 Ne7 11. Rh3 Ne4 12. Qh5 h6 13. Qf3 f5 14. g4 cxd4 15.
exd4 Bxe5 16. dxe5 Nc5 17. Be2 d4 18. Qg3 Qd5 19. Bf3 Ne4 20. c4 Qc5 21. Nxe4
fxe4 22. Bg2 Bc6 23. f5 e3 24. f6 Bxg2 25. Qxg2 Ng6 26. Qb7 gxf6 27. exf6 Rxf6
28. Qxa8+ Kg7 29. Rf3 Nf4 30. Qb7+ Rf7 31. Qe4 e5 32. b3 Qe7 33. Ba3 Qg5 34. h3
h5 35. Bd6 hxg4 36. Bxe5+ Kg8 1-0

[Event "BL 0708 SF Katernberg - Werder Bremen"]
[Site "?"]
[Date "2008.04.19"]
[Round "14.5"]
[White "Kritz, Leonid"]
[Black "Ris, Robert"]
[Result "1/2-1/2"]
[WhiteElo "2596"]
[BlackElo "2381"]
[PlyCount "173"]
[EventDate "2008.??.??"]

1. e4 e5 2. Nf3 Nc6 3. Bb5 a6 4. Ba4 Nf6 5. O-O Nxe4 6. d4 b5 7. Bb3 d5 8. dxe5
Be6 9. Nbd2 Nc5 10. c3 g6 11. Qe2 Nd7 12. Nd4 Nxd4 13. cxd4 c5 14. dxc5 Nxc5
15. Nf3 Bg7 16. Bg5 Qd7 17. Qe3 Ne4 18. Bh6 O-O 19. Rfd1 Rac8 20. Bxg7 Kxg7 21.
Rd4 f5 22. Rad1 Rfd8 23. Ng5 Bg8 24. Bxd5 Bxd5 25. Rxd5 Qxd5 26. Rxd5 Rxd5 27.
Qa7+ Kh6 28. h4 Nxg5 29. Qe3 Kg7 30. hxg5 Re8 31. Qa7+ Kg8 32. f4 Rd1+ 33. Kh2
Re6 34. Qb8+ Kg7 35. Qc7+ Kg8 36. Qc8+ Kf7 37. Qb7+ Kg8 38. Kh3 Rh1+ 39. Kg3
Rd1 40. Kf3 Rd3+ 41. Ke2 Rd8 42. Qc7 Rde8 43. Kf3 R8e7 44. Qd8+ Re8 45. Qd5 Kg7
46. Ke3 R8e7 47. Kd4 Re8 48. Kc3 R8e7 49. Kb4 Re8 50. Ka5 R8e7 51. g3 Re8 52.
Qd1 R8e7 53. b3 Re8 54. g4 fxg4 55. Qxg4 R8e7 56. Qh3 Kg8 57. Kb4 Rc6 58. Qh1
Ree6 59. Qd5 Kf8 60. Qd7 Kg8 61. Ka5 Kf8 62. Qxh7 Ke8 63. Qb7 Kd8 64. a3 Ke8
65. a4 bxa4 66. Kxa4 Rb6 67. Qc8+ Ke7 68. Qc7+ Ke8 69. b4 Kf8 70. Qd7 Kg8 71.
Kb3 Rbc6 72. Qb7 Kf8 73. Qh7 Ke8 74. Qg7 Kd8 75. Qf7 Kc8 76. Ka3 Kd8 77. Ka4
Rb6 78. Qh7 Ke8 79. Qg7 Kd8 80. Qf7 Kc8 81. f5 gxf5 82. Qxf5 Kd8 83. Qf7 Kc8
84. Qa7 Kd8 85. Kb3 Rbc6 86. Qb7 Rg6 87. Ka4 1/2-1/2

[Event "BL 0708 SF Katernberg - Werder Bremen"]
[Site "?"]
[Date "2008.04.19"]
[Round "14.6"]
[White "Souleidis, Georgios"]
[Black "Hracek, Zbynek"]
[Result "0-1"]
[WhiteElo "2421"]
[BlackElo "2598"]
[PlyCount "56"]
[EventDate "2008.??.??"]

1. e4 c5 2. Nf3 d6 3. d4 cxd4 4. Nxd4 Nf6 5. Nc3 e6 6. g4 h6 7. h4 Nc6 8. Rg1
d5 9. Bb5 Bd7 10. exd5 Nxd5 11. Nxd5 exd5 12. Be3 Be7 13. Qf3 O-O 14. Bxc6 bxc6
15. g5 h5 16. Qxh5 g6 17. Qh6 Qa5+ 18. Kd1 c5 19. h5 Qb6 20. c3 Rfb8 21. hxg6
Qxg6 22. Qxg6+ fxg6 23. Nb3 c4 24. Nc5 Bxc5 25. Bxc5 Rxb2 26. Kc1 Rab8 27. Bxa7
R8b7 28. Bd4 Ba4 0-1